[Event "Oberfranken-ch"]
[Site "Schney"]
[Date "2016.01.07"]
[Round "7"]
[White "Goetz, Dieter"]
[Black "Seigert, Frank"]
[Result "1/2-1/2"]
[WhiteElo "1741"]
[BlackElo "1952"]
[PlyCount "110"]
[EventDate "2016.01.03"]
[EventType "swiss"]
[EventRounds "7"]
[EventCountry "GER"]
[SourceTitle "CBM 170 Extra"]
[Source "ChessBase"]
[SourceDate "2016.02.25"]
[SourceVersion "1"]
[SourceVersionDate "2016.02.25"]
[SourceQuality "1"]

1. e4 e6 2. f4 d5 3. e5 c5 4. Nf3 Nc6 5. Bb5 Nge7 6. 0-0 a6 7. Bxc6+ Nxc6 8. c3 d4 9. d3 Be7 10. Qe2 Qd5 11. Nbd2 b5 12. a4 Bb7 13. Ne4 h6 14. g4 0-0-0 15. axb5 axb5 16. c4 bxc4 17. dxc4 d3 18. cxd5 dxe2 19. Re1 exd5 20. Nf2 c4 21. Rxe2 Bc5 22. Bd2 Nb4 23. Bxb4 Bxb4 24. Nd4 h5 25. g5 Rhe8 26. Kg2 Bc5 27. Rd1 g6 28. Rc2 Kd7 29. Kg3 Bxd4 30. Rxd4 Ke6 31. b3 Ba6 32. bxc4 dxc4 33. Rcd2 Rxd4 34. Rxd4 Ke7 35. Rd6 Bb7 36. Rb6 Ba8 37. Rb2 Rc8 38. f5 gxf5 39. Kf4 Ke6 40. Rb6+ Rc6 41. Rxc6+ Bxc6 42. Nd1 Bd5 43. Nc3 Be4 44. h4 Bc2 45. Nb5 Be4 46. Nd4+ Ke7 47. Ne2 Ke6 48. Nc3 Bd3 49. Nb5 Be4 50. Nc7+ Ke7 51. Nb5 Ke6 52. Nc7+ Ke7 53. Nb5 Ke6 54. Nd4+ Kd5 55. Nb5 Ke6 1/2-1/2

[Event "Oberfranken-ch"]
[Site "Schney"]
[Date "2015.01.05"]
[Round "6"]
[White "Geisensetter, Franz"]
[Black "Seigert, Frank"]
[Result "1/2-1/2"]
[WhiteElo "2084"]
[BlackElo "1982"]
[PlyCount "52"]
[EventDate "2015.01.03"]
[EventType "swiss"]
[EventRounds "7"]
[EventCountry "GER"]
[SourceTitle "CBM 164 Extra"]
[Source "ChessBase"]
[SourceDate "2015.03.02"]
[SourceVersion "1"]
[SourceVersionDate "2015.03.02"]
[SourceQuality "1"]

1. e4 d6 2. d4 g6 3. Nc3 Bg7 4. Bg5 Nf6 5. e5 Nfd7 6. exd6 cxd6 7. Nf3 0-0 8. Qd2 Nc6 9. Bc4 Nf6 10. 0-0 Qc7 11. Be2 a6 12. Bh6 Bf5 13. a3 d5 14. Bxg7 Kxg7 15. Nh4 Qd7 16. Nxf5+ Qxf5 17. f3 Rfe8 18. Bd3 Qd7 19. Qf2 Nh5 20. Ne2 e5 21. c3 Nf4 22. Nxf4 exf4 23. h4 Re3 24. Rad1 Rae8 25. g4 fxg3 26. Qxg3 Ne7 1/2-1/2

[Event "Oberfranken-ch"]
[Site "Schney"]
[Date "2015.01.04"]
[Round "4"]
[White "Schwarzmann, Tobias"]
[Black "Seigert, Frank"]
[Result "1-0"]
[WhiteElo "2008"]
[BlackElo "1982"]
[PlyCount "45"]
[EventDate "2015.01.03"]
[EventType "swiss"]
[EventRounds "7"]
[EventCountry "GER"]
[SourceTitle "CBM 164 Extra"]
[Source "ChessBase"]
[SourceDate "2015.03.02"]
[SourceVersion "1"]
[SourceVersionDate "2015.03.02"]
[SourceQuality "1"]

1. e4 e6 2. d4 d5 3. Nd2 Nf6 4. e5 Nfd7 5. Ngf3 c5 6. dxc5 Bxc5 7. Nb3 Be7 8. Bb5 Nc6 9. 0-0 0-0 10. Re1 a6 11. Bd3 f5 12. exf6 Nxf6 13. Bg5 Ng4 14. Bxe7 Qxe7 15. h3 Nh6 16. c4 dxc4 17. Bxc4 b5 18. Bd5 Bd7 19. Rc1 Rac8 20. Nc5 Rc7 21. Nxd7 Rxd7 22. Rxc6 Rxd5 23. Qxd5 1-0

[Event "Oberfranken-ch"]
[Site "Lichtenfels"]
[Date "2012.01.04"]
[Round "3.21"]
[White "Von Lossow, Marcus"]
[Black "Seigert, Frank"]
[Result "1/2-1/2"]
[WhiteElo "1784"]
[BlackElo "2032"]
[PlyCount "36"]
[EventDate "2012.01.03"]
[EventType "swiss"]
[EventRounds "7"]
[EventCountry "GER"]
[SourceTitle "EXT 2019"]
[Source "ChessBase"]
[SourceDate "2018.10.10"]
[SourceVersion "1"]
[SourceVersionDate "2018.10.10"]
[SourceQuality "1"]

1. e4 e6 2. d4 d5 3. exd5 exd5 4. Bd3 Nf6 5. Nf3 Bg4 6. Nc3 c6 7. h3 Bh5 8. Qe2+ Be7 9. Bg5 Nbd7 10. 0-0-0 0-0 11. g4 Bg6 12. Ne5 Re8 13. f4 Bxd3 14. Rxd3 Bb4 15. a3 Bxc3 16. Rxc3 Qb6 17. Qd1 Qc7 18. Nxd7 Nxd7 1/2-1/2

[Event "Imperia op-A 46th"]
[Site "Imperia"]
[Date "2004.09.12"]
[Round "9"]
[White "Seigert, Frank"]
[Black "Jandecka, Tomas"]
[Result "1/2-1/2"]
[WhiteElo "2043"]
[BlackElo "2150"]
[PlyCount "65"]
[EventDate "2004.09.05"]
[EventType "swiss"]
[EventRounds "9"]
[EventCountry "ITA"]
[SourceTitle "EXT 2005"]
[Source "ChessBase"]
[SourceDate "2004.11.15"]
[SourceVersion "1"]
[SourceVersionDate "2004.11.15"]
[SourceQuality "1"]

1. d4 c5 2. d5 e5 3. c4 d6 4. Nc3 f5 5. e4 Nf6 6. Bg5 Be7 7. Bxf6 Bxf6 8. Bd3 0-0 9. exf5 e4 10. Bxe4 Re8 11. Nge2 Bxc3+ 12. Nxc3 Bxf5 13. f3 Bxe4 14. Nxe4 Qh4+ 15. g3 Rxe4+ 16. fxe4 Qxe4+ 17. Qe2 Qxe2+ 18. Kxe2 Kf7 19. Rhf1+ Ke7 20. Rae1 Nd7 21. Rf5 g6 22. Rf4 a6 23. Rh4 h5 24. g4 Ne5 25. gxh5 g5 26. Re4 Rh8 27. Rxe5+ dxe5 28. Kf3 Rxh5 29. Rxe5+ Kf6 30. Re6+ Kf5 31. Kg3 Rh4 32. b3 Rd4 33. Re8 1/2-1/2

[Event "Imperia op-A 45th"]
[Site "Imperia"]
[Date "2003.09.06"]
[Round "8"]
[White "Rojicek, Vojtech"]
[Black "Seigert, Frank"]
[Result "1-0"]
[WhiteElo "2117"]
[BlackElo "2000"]
[PlyCount "53"]
[EventDate "2003.08.31"]
[EventType "swiss"]
[EventRounds "9"]
[EventCountry "ITA"]
[SourceTitle "EXT 2005"]
[Source "ChessBase"]
[SourceDate "2004.11.15"]
[SourceVersion "1"]
[SourceVersionDate "2004.11.15"]
[SourceQuality "1"]

1. e4 e5 2. Nf3 Nc6 3. Bb5 Nf6 4. 0-0 d6 5. c3 a6 6. Ba4 Be7 7. Re1 0-0 8. h3 b5 9. Bb3 Na5 10. Bc2 c5 11. d4 Qb6 12. dxe5 dxe5 13. Nxe5 Rd8 14. Qe2 Bb7 15. Nd2 Bd6 16. Nef3 Re8 17. e5 Nd7 18. Qd3 Rxe5 19. Nxe5 Nxe5 20. Qxh7+ Kf8 21. Qh8+ Ke7 22. Qxg7 Kd7 23. Bf5+ Kc6 24. Rxe5 Qc7 25. Re1 Kb6 26. Ne4 Re8 27. Be3 1-0

[Event "Imperia op-A 45th"]
[Site "Imperia"]
[Date "2003.09.03"]
[Round "4"]
[White "Seigert, Frank"]
[Black "Verrascina, Nicola"]
[Result "0-1"]
[WhiteElo "2000"]
[BlackElo "2102"]
[PlyCount "66"]
[EventDate "2003.08.31"]
[EventType "swiss"]
[EventRounds "9"]
[EventCountry "ITA"]
[SourceTitle "EXT 2005"]
[Source "ChessBase"]
[SourceDate "2004.11.15"]
[SourceVersion "1"]
[SourceVersionDate "2004.11.15"]
[SourceQuality "1"]

1. d4 f5 2. c4 e6 3. Nc3 Nf6 4. Nf3 d5 5. Bf4 Be7 6. e3 0-0 7. Be2 c6 8. 0-0 Ne4 9. Nd2 Nd7 10. Ndxe4 dxe4 11. f3 g5 12. Be5 Nxe5 13. dxe5 exf3 14. Bxf3 Qc7 15. e4 Bd7 16. Kh1 Rad8 17. exf5 exf5 18. Qb3 Be6 19. Rac1 g4 20. Be2 Rd2 21. Rfd1 Rfd8 22. Bf1 Rxd1 23. Rxd1 Rxd1 24. Nxd1 Qxe5 25. Qe3 Qxe3 26. Nxe3 Kf7 27. g3 Bc5 28. Nc2 a5 29. a3 a4 30. Kg2 b5 31. Be2 Bxc4 32. Bxc4+ bxc4 33. h3 Ke6 0-1

[Event "Imperia op-A 45th"]
[Site "Imperia"]
[Date "2003.09.02"]
[Round "3"]
[White "Faraci, Antonino"]
[Black "Seigert, Frank"]
[Result "1/2-1/2"]
[WhiteElo "2088"]
[BlackElo "2000"]
[PlyCount "78"]
[EventDate "2003.08.31"]
[EventType "swiss"]
[EventRounds "9"]
[EventCountry "ITA"]
[SourceTitle "EXT 2005"]
[Source "ChessBase"]
[SourceDate "2004.11.15"]
[SourceVersion "1"]
[SourceVersionDate "2004.11.15"]
[SourceQuality "1"]

1. Nf3 d5 2. b3 c5 3. e3 Nf6 4. Bb2 Nc6 5. Bb5 a6 6. Bxc6+ bxc6 7. Ne5 Qc7 8. 0-0 e6 9. d3 Be7 10. Nd2 0-0 11. f4 Nd7 12. Nxd7 Bxd7 13. Qh5 f6 14. Nf3 Be8 15. Qh3 Bf7 16. Kh1 c4 17. dxc4 dxc4 18. Nd4 Qc8 19. Qf3 c5 20. Nc6 Qc7 21. Nxe7+ Qxe7 22. Qe2 Qb7 23. Qxc4 e5 24. Qe2 exf4 25. Rxf4 Bd5 26. Raf1 Rae8 27. Rg4 Re6 28. Qf2 Qe7 29. Rg3 c4 30. Bd4 cxb3 31. axb3 Be4 32. Qd2 Qb7 33. b4 Rc8 34. c3 Qb5 35. Kg1 Kh8 36. Qd1 Bg6 37. Qg4 Rec6 38. Rh3 Kg8 39. Ra1 f5 1/2-1/2

[Event "Oberliga Wuerttemberg 0102"]
[Site "Wuerttemberg"]
[Date "2001.??.??"]
[Round "1"]
[White "Seigert, Frank"]
[Black "Schwarzburger, Lothar"]
[Result "0-1"]
[WhiteElo "1828"]
[BlackElo "2166"]
[PlyCount "60"]
[EventDate "2001.10.01"]
[EventType "team-tourn"]
[EventRounds "9"]
[EventCountry "GER"]
[SourceTitle "EXT 2019"]
[Source "ChessBase"]
[SourceDate "2018.10.10"]
[SourceVersion "1"]
[SourceVersionDate "2018.10.10"]
[SourceQuality "1"]
[WhiteTeam "Lindenberg"]
[BlackTeam "Stuttgart SF II"]
[WhiteTeamCountry "GER"]
[BlackTeamCountry "GER"]

1. g3 d5 2. Bg2 e6 3. d3 c5 4. Nd2 Nc6 5. c4 Be7 6. Ngf3 Nf6 7. 0-0 0-0 8. cxd5 Nxd5 9. a3 e5 10. Qb3 Nb6 11. Qc2 Be6 12. Ne4 Nd4 13. Nxd4 cxd4 14. b4 Rc8 15. Qd2 Na4 16. Ng5 Rxc1 17. Raxc1 Bxg5 18. f4 exf4 19. gxf4 Bf6 20. Bxb7 Nc3 21. Bg2 Bg4 22. Bf3 Qd7 23. Rf2 Re8 24. Rg2 Bh3 25. Rg3 Bh4 26. e3 Bxg3 27. hxg3 Bg4 28. exd4 Bxf3 29. Rxc3 Qh3 30. Qh2 Re1+ 0-1